header

The Templars (Record no. 205506)

MARC details
000 -LEADER
fixed length control field 01087nam a2200277Ia 4500
100 1# - MAIN ENTRY--AUTHOR NAME
Personal name Haag, Michael,
245 14 - TITLE STATEMENT
Title The Templars
260 ## - PUBLICATION, DISTRIBUTION, ETC. (IMPRINT)
Place of publication London :
Name of publisher Profile Books,
Year of publication 2009.
300 ## - PHYSICAL DESCRIPTION
Number of Pages 384 p. :
Other physical details ill., maps.
650 #0 - SUBJECT ADDED ENTRY--TOPICAL TERM
Topical Term Military religious orders
856 40 - ELECTRONIC LOCATION AND ACCESS
Uniform Resource Identifier http://site.ebrary.com/lib/rucke/Doc?id=10387138

No items available.

© 2026 Rongo University
Contact us: librarian | system librarian | Rongo university